Nhà văn Việt Nam hiện đại chân dung và phong cách

Zapisane w:
Opis bibliograficzny
1. autor: Nguyễn Đăng Mạnh
Format: Książka
Język:Undetermined
Wydane: Tp. Hồ Chí Minh Trẻ 2000
Hasła przedmiotowe:
Etykiety: Dodaj etykietę
Nie ma etykietki, Dołącz pierwszą etykiete!
Thư viện lưu trữ: Trung tâm Học liệu Trường Đại học Cần Thơ
LEADER 00671nam a2200217Ia 4500
001 CTU_92201
008 210402s9999 xx 000 0 und d
082 |a 809 
082 |b M107 
100 |a Nguyễn Đăng Mạnh 
245 0 |a Nhà văn Việt Nam hiện đại chân dung và phong cách 
245 0 |c Nguyễn Đăng Mạnh 
260 |a Tp. Hồ Chí Minh 
260 |b Trẻ 
260 |c 2000 
526 |a Văn học Việt Nam hiện đại 4 (1975 - 2000) 
526 |b SG217 
650 |a vietnamese literature 
650 |x history and criticism 
904 |i Trúc 
980 |a Trung tâm Học liệu Trường Đại học Cần Thơ